000 00620cam a2200229 a 4500
001 3296301
005 20180309094715.0
008 830715s1984 dcu b 000 0 eng
010 _a 83015006
020 _a0871872765 (pbk.) :
_c$12.95
040 _aDLC
_cDLC
_dDLC
041 _aeng
043 _an-us---
080 _a353.031 NEL
082 0 0 _a353.031 NEL
_219
100 _a20
101 _aPOL
245 0 4 _aThe Presidency and the political system /
_cMichael Nelson, editor.
504 _aIncludes bibliographical references.
906 _a7
_bcbc
_corignew
_d1
_eocip
_f19
_gy-gencatlg
942 _2ddc
_cBK
999 _c44643
_d44643